| 000 | 00788cam a2200277 4500 | ||
|---|---|---|---|
| 001 | J2366 | ||
| 008 | 090401t1995 xxu||||| |||| 00| 0 eng d | ||
| 035 | _a(Sirsi) u48700 | ||
| 041 | _aeng | ||
| 050 | _a333.0065 | ||
| 110 |
_aEconomic Development Briefing _92461 |
||
| 245 | 4 | _aThe chartered surveyors index. 1995 edition | |
| 260 |
_aLondon _bEconomic Development Briefing _c1995 |
||
| 300 | _a93 leaves ; 30cm. | ||
| 350 | _a200 | ||
| 490 |
_aEconomic Development Briefing _vXIX |
||
| 650 | _aCHARTERED SURVEYORS INDEX | ||
| 650 | _aABOUT RICS-RICS MEMBERS | ||
| 650 | _aDIRECTORIES | ||
| 650 | _aMARKET LEADERS | ||
| 650 | _aMARKET SHARE | ||
| 650 | _aRANKINGS | ||
| 690 | _aMANAGEMENT-BUSINESS MANAGEMENT-PROFESSIONAL PRACTICE | ||
| 942 | _n0 | ||
| 948 | _c04/03/1997 | ||
| 999 |
_c92390 _d92390 |
||